LEADER 02632nam 2200601 450 001 9910460703403321 005 20200520144314.0 010 $a0-8131-6330-7 035 $a(CKB)3710000000334603 035 $a(EBL)1915807 035 $a(SSID)ssj0001431737 035 $a(PQKBManifestationID)11927735 035 $a(PQKBTitleCode)TC0001431737 035 $a(PQKBWorkID)11388613 035 $a(PQKB)10091213 035 $a(MiAaPQ)EBC1915807 035 $a(OCoLC)707585148 035 $a(MdBmJHUP)muse44324 035 $a(Au-PeEL)EBL1915807 035 $a(CaPaEBR)ebr11005562 035 $a(CaONFJC)MIL691528 035 $a(OCoLC)900345208 035 $a(EXLCZ)993710000000334603 100 $a20150123h19731973 uy 0 101 0 $aeng 135 $aurcnu|||||||| 181 $ctxt 182 $cc 183 $acr 200 14$aThe banking crisis of 1933 /$fSusan Esfabrook Kennedy 210 1$aLexington, Kentucky :$cUniversity Press of Kentucky,$d1973. 210 4$d©1973 215 $a1 online resource (280 p.) 300 $aBased on the author's thesis, Columbia University. 311 $a1-322-60246-8 311 $a0-8131-5291-7 320 $aIncludes bibliographical references and index. 327 $aCover; Title; Copyright; Contents; Chapter; Acknowledgments; I. PROSPERITY AND DEPRESSION; II. HOOVER'S SOLUTIONS; III. LECTION AND INTERREGNUM; IV. MICHIGAN; V. INVESTIGATION; VI. EXIT HOOVER; VII. ENTER ROOSEVELT; VIII. REOPENING; IX. THE BANKING ACT OF 1933; X. CONCLUSION; Selected Bibliography; Index; 330 $aOn March 6, 1933, Franklin D. Roosevelt, less than forty-eight hours after becoming president, ordered the suspension of all banking facilities in the United States. How the nation had reached such a desperate situation and how it responded to the banking ""holiday"" are examined in this book, the first full-length study of the crisis.Although the 1920's had witnessed a wave of bank failures, the situation worsened after the 1929 stock market crash, and by the winter of 1932-1933, complete banking collapse threatened much of the nation. President Hoover's stopgap measures proved totally inadequate 606 $aBanks and banking$zUnited States 606 $aBanking law$zUnited States 608 $aElectronic books. 615 0$aBanks and banking 615 0$aBanking law 676 $a332.1/0973 700 $aKennedy$b Susan Estabrook$01049663 801 0$bMiAaPQ 801 1$bMiAaPQ 801 2$bMiAaPQ 906 $aBOOK 912 $a9910460703403321 996 $aThe banking crisis of 1933$92478873 997 $aUNINA LEADER 00827nam0-2200289 --450 001 9910858400303321 005 20240606125539.0 100 $a20240606d1981----kmuy0itay5050 ba 101 0 $aita 102 $aIT 105 $a 001yy 200 1 $aDifferenze$ela filosofia francese dopo lo strutturalismo$fMaurizio Ferraris 210 $aMilano$cMulthipla$dc1981 215 $a231 p.$d21 cm. 610 0 $aFoucault, Michel 610 0 $aLacan, Jacques 610 0 $aDerrida, Jacques 610 0 $aDeleuze, Gilles 610 0 $aFilosofia francese$aSec. 20. 700 1$aFerraris,$bMaurizio$f<1956- >$010751 801 0$aIT$bUNINA$gREICAT$2UNIMARC 901 $aBK 912 $a9910858400303321 952 $aDAM A92.2 FERM 01$b2024/5778$fFLFBC 959 $aFLFBC 996 $aDifferenze$94161200 997 $aUNINA LEADER 01314nam0 22003131i 450 001 UON00201790 005 20231205103256.880 010 $a02-626-2097-9 100 $a20030730d1995 |0itac50 ba 101 $aeng 102 $aUS 105 $a|||| ||||| 200 1 $a Global dangers$echanging dimensions of international security$fedited by Sean M. Lynn-Jones and Steven E. Miller 210 $aCambridge$eUsa$eLondon$cThe MIT Press$d1995. VIII$d370 p. ; 25 cm. 410 1$1001UON00067666$12001 $aˆAn ‰international security readers 606 $aCooperazione Internazionale$3UONC019757$2FI 606 $aSicurezza Internazionale$3UONC021328$2FI 620 $aUS$dCambridge (Mass.)$3UONL000262 620 $aGB$dLondon$3UONL003044 676 $a327.17$cCooperazione internazionale$v21 702 1$aLYNN-JONES$bSean M.$3UONV115170 702 1$aMILLER$bSteven E.$3UONV115171 712 $aMit Press$3UONV245937$4650 801 $aIT$bSOL$c20260213$gRICA 899 $aSIBA - SISTEMA BIBLIOTECARIO DI ATENEO E ARCHIVIO STORICO$2UONSI 912 $aUON00201790 950 $aSIBA - SISTEMA BIBLIOTECARIO DI ATENEO E ARCHIVIO STORICO$dSI A 1838 $eSI SC 31069 5 1838 996 $aGlobal dangers$91254284 997 $aUNIOR